000 00362nam a2200157 4500
008 190521s2003||||xo d
260 _bColumbus
_aBratislava
_c2003
250 _a1.vydanie
020 _a9788071361688
_c0
100 1 _aDreamhealer Adam
_91102
245 1 0 _aLiecitel snov
300 _a216s.
041 1 _aslo
044 _axo
_cSK
958 _aA
999 _c22396
_d22396